000 01008nam a22002537a 4500
003 BD-DhSAU
005 20220927105533.0
008 150613b2021 bg a|||| m||| 00| 0 eng d
040 _aBD-DhSAU
082 _222
_a630.715
_bAl45
100 _aALIM, MD. SAMIUL
_eRegistration # 19-10028
245 _aFarmers’ switching behavior from crop to fish production: causes and consequences /
_bMS thesis
260 _aSher-e-Bangla Agricultural University :
_bDepartment of Agricultural extension and information system,
_cJune, 2021
300 _avii, 67p.:
_bill. , ;
_c30 cm.
504 _aIncludes bibliographical reference.
590 _aNazmul
650 _afarmers switching behavior
650 _acrop to fish production
651 _2causes and consequences
700 _aProf. Dr. Md. Sekender Ali
_eSuperviser
700 _aProf. Md. Mahbubul Alam, Ph.D
_eCo-superviser
856 _uhttp://archive.saulibrary.edu.bd:8080/xmlui/handle/123456789/4171
942 _2ddc
_cTHESIS
999 _c16082
_d16081